000 00361nam a2200145Ia 4500
005 20251222152656.0
008 251222s9999||||xx |||||||||||||| ||spa||
020 _a8422616122
082 _a863.64/V35
100 _aVázquez Montalvan, Manuel
245 0 _aLos Pájaros de Bangkok
250 _a1ra.ed.
264 _bCírculo de Lectores, S.A.
942 _cLIB
999 _c28660
_d28660